Guess the random Taylor Swift Song Lyrics 57 - Statistics

General Stats
  • This quiz has been taken 9 times
  • The average score is 342 of 397
Answer Stats
Answer % Correct
a
100%
all
100%
All
100%
And
100%
and
100%
be
100%
by
100%
can
100%
do
100%
I
100%
I'm
100%
in
100%
is
100%
it
100%
it's
100%
know
100%
like
100%
me
100%
my
100%
of
100%
off
100%
on
100%
said
100%
So
100%
something
100%
the
100%
wear
100%
where
100%
who
100%
with
100%
you
100%
You
100%
your
100%
You're
100%
you're
100%
at
89%
been
89%
Been
89%
belong
89%
But
89%
can't
89%
Can't
89%
could
89%
ever
89%
get
89%
going
89%
If
89%
see
89%
she
89%
She
89%
time
89%
to
89%
up
89%
when
89%
When
89%
you've
89%
about
78%
baby
78%
better
78%
bleachers
78%
captain
78%
cheer
78%
day
78%
doesn't
78%
down
78%
for
78%
girl
78%
girlfriend
78%
got
78%
has
78%
Have
78%
here
78%
isn't
78%
just
78%
kind
78%
listening
78%
music
78%
never
78%
night
78%
one
78%
phone
78%
room
78%
she's
78%
She's
78%
short
78%
skirts
78%
tell
78%
than
78%
that
78%
That
78%
Think
78%
thinking
78%
t shirts
78%
Tuesday
78%
typical
78%
upset
78%
wake
78%
wears
78%
what
78%
why
78%
along
67%
'bout
67%
brought
67%
'Cause
67%
cry
67%
doing
67%
Dreaming
67%
easy"
67%
favorite
67%
find
67%
haven't
67%
heels
67%
high
67%
how
67%
humor
67%
jeans
67%
light
67%
looking
67%
maybe
67%
myself
67%
not
67%
Oh
67%
out
67%
say
67%
seen
67%
she'll
67%
smile
67%
sneakers
67%
songs
67%
story
67%
this
67%
thought
67%
town
67%
understands
67%
whole
67%
dreams
56%
help
56%
"Hey
56%
Hey
56%
house
56%
laugh
56%
makes
56%
middle
56%
since
56%
waiting
56%
while
56%
worn
56%
backdoor
44%
bench
44%
driving
44%
fine
44%
ought
44%
park
44%
Standing
44%
streets
44%
remember
33%
Walk
33%
Laughing
22%
No matching quizzes found
Score Distribution
Percent of People with Each Score
Percentile by Number Answered
Your Score History
You have not taken this quiz